000 00398nam a2200145Ia 4500
999 _c14118
_d14118
003 OSt
005 20260407151212.0
008 260210s9999 xx 000 0 und d
020 _a9781350232235
100 _aAaris Sherin
245 0 _aIntroduction to Graphic Design: A Guide to Thinking, Process, and Style
260 _b Bloomsbury Visual Arts
_c2023
300 _a256 pages
942 _cBDES
_2ddc